Glossary of Hinduism / (Record no. 25400)

MARC details
000 -LEADER
fixed length control field 00976cam a2200325 a 4500
001 - CONTROL NUMBER
control field 11918269
003 - CONTROL NUMBER IDENTIFIER
control field BDDh-ASL
005 - DATE AND TIME OF LATEST TRANSACTION
control field 20231015030502.0
008 - FIXED-LENGTH DATA ELEMENTS--GENERAL INFORMATION
fixed length control field 991207s1999 ii d 000 0 eng
010 ## - LIBRARY OF CONGRESS CONTROL NUMBER
LC control number 99946529
020 ## - INTERNATIONAL STANDARD BOOK NUMBER
Canceled/invalid ISBN 8120413462
025 ## - OVERSEAS ACQUISITION NUMBER
Overseas acquisition number I-E-99-946529; 506-92
035 ## - SYSTEM CONTROL NUMBER
System control number (DLC) 99946529
037 ## - SOURCE OF ACQUISITION
Source of stock number/acquisition Library of Congress -- New Delhi Field Office
Terms of availability Rs250.00
040 ## - CATALOGING SOURCE
Original cataloging agency DLC
Transcribing agency DLC
Modifying agency BDDh-ASL
041 1# - LANGUAGE CODE
Language code of text/sound track or separate title engsan
Language code of original san
042 ## - AUTHENTICATION CODE
Authentication code lcode
043 ## - GEOGRAPHIC AREA CODE
Geographic area code a-ii---
050 00 - LIBRARY OF CONGRESS CALL NUMBER
Classification number BL1105
Item number .R46 1999
082 ## - DEWEY DECIMAL CLASSIFICATION NUMBER
Classification number 294
Item number REG
100 1# - MAIN ENTRY--PERSONAL NAME
Personal name Rengarajan, T.,
Dates associated with a name 1962-
245 10 - TITLE STATEMENT
Title Glossary of Hinduism /
Statement of responsibility, etc. T. Rengarajan.
260 ## - PUBLICATION, DISTRIBUTION, ETC.
Place of publication, distribution, etc. New Delhi :
Name of publisher, distributor, etc. Oxford & IBH Pub. Co.,
Date of publication, distribution, etc. c1999.
300 ## - PHYSICAL DESCRIPTION
Extent 622 p. :
Dimensions 22 cm.
650 #0 - SUBJECT ADDED ENTRY--TOPICAL TERM
Topical term or geographic name entry element Hinduism
Form subdivision Dictionaries
General subdivision English.
650 #0 - SUBJECT ADDED ENTRY--TOPICAL TERM
Topical term or geographic name entry element Sanskrit language
Form subdivision Dictionaries
General subdivision English.
906 ## - LOCAL DATA ELEMENT F, LDF (RLIN)
a 7
b cbc
c origode
d 3
e ncip
f 19
g y-gencatlg
942 ## - ADDED ENTRY ELEMENTS (KOHA)
Source of classification or shelving scheme Dewey Decimal Classification
Koha item type Books
Holdings
Withdrawn status Lost status Source of classification or shelving scheme Damaged status Not for loan Collection code Home library Current library Shelving location Date acquired Source of acquisition Total Checkouts Full call number Barcode Date last seen Copy number Price effective from Koha item type
    Dewey Decimal Classification     Non-fiction Asiatic Society Library Asiatic Society Library Sirajul Islam Collection 07/14/2021 Donated by Professor Sirajul Islam, FRHS   294 REG 110165 07/14/2021 C-1 07/14/2021 Books

Powered by Koha